<?xml version="1.0" encoding="UTF-8"?>
<collection xmlns="http://www.loc.gov/MARC21/slim">
 <record>
  <leader>00609nam a22001815a 4500</leader>
  <controlfield tag="001">EHU.bham042859</controlfield>
  <controlfield tag="003">AR-BHAM</controlfield>
  <controlfield tag="005">20140926113149.0</controlfield>
  <controlfield tag="008">130507s2010##################000#0#####d</controlfield>
  <datafield tag="020" ind1=" " ind2=" ">
   <subfield code="a">9781905125395</subfield>
  </datafield>
  <datafield tag="082" ind1="9" ind2="3">
   <subfield code="a">937</subfield>
  </datafield>
  <datafield tag="100" ind1="1" ind2=" ">
   <subfield code="a">Matthews, John</subfield>
  </datafield>
  <datafield tag="245" ind1="1" ind2="0">
   <subfield code="a">Roman perspectives :</subfield>
   <subfield code="b">studies in the social, political and cultural history of the first to fifth centuries  /</subfield>
   <subfield code="c"> John Matthews</subfield>
  </datafield>
  <datafield tag="260" ind1=" " ind2=" ">
   <subfield code="a">Swansea :</subfield>
   <subfield code="b">The Classical Press of Wales,</subfield>
   <subfield code="c">2010</subfield>
  </datafield>
  <datafield tag="300" ind1=" " ind2=" ">
   <subfield code="a">406 p.</subfield>
  </datafield>
  <datafield tag="653" ind1=" " ind2=" ">
   <subfield code="a">Roma-historia de</subfield>
  </datafield>
  <datafield tag="653" ind1=" " ind2=" ">
   <subfield code="a">Roma-cultura de</subfield>
  </datafield>
  <datafield tag="859" ind1=" " ind2=" ">
   <subfield code="a">AR-BHAM</subfield>
   <subfield code="b">BIB. HUMANIDADES - General</subfield>
   <subfield code="h">937</subfield>
   <subfield code="i">M433-1</subfield>
   <subfield code="p">346.14</subfield>
   <subfield code="t">Ej.1</subfield>
  </datafield>
 </record>
</collection>
